000 00697nam a2200193 i 4500
001 68539
003 ES-MaACL
005 20230906170314.0
007 t|
008 960807s1899 it ||||1| ita d
040 _aCAM
_bspa
_cCAM
100 1 _aGarofalo, Francesco P.
_955619
245 1 0 _aStudi sulla storia spartana
_b: dei primi decenni del secolo IV A.C. /
_cFrancesco P. Garofalo.
260 _aCatania :
_bS. di Mattei E. C.,
_c1899.
300 _a62, XXI p. ;
_c25 cm.
595 _aEstratto dalla "Rivista Bimestrale di Antichitá Greche e Romane, Anno I, fasc. 4, 5 e 6.
651 4 _aEsparta-
_xHistoria.
_98533
852 _aES-MaACL
_jT-924-F-7
_z.- Dedicatoria manuscrita del autor
999 _c68539
_d68539